Szczegóły MARC21

Niewidomi i słabowidzący seniorzy /

003 -Nazwa inst., której nr kontr. jest w polu 001 [,]
    • @
    • Nazwa instytucji, której n kontrolny jest w polu 001
    • NUKAT
005 -DATA I CZAS OSTATNIEJ MODYFIKACJI [,]
    • @
    • pole kontrolne
    • 20260429185823.0
040 -Instytucja sporządzająca opis [ , ]
    • a
    • Instytucja, która sporządziła opis (NP)
    • KR 122/DP
    • b
    • Język katalogowania
    • pol
    • e
    • Zasady katalogowania
    • rda
    • c
    • Instytucja, która sporządziła rekord (NP)
    • KR 122/DP
    • d
    • Instytucja, która zmodyfikowała rekord (P)
    • KR 122/MN
    • d
    • Instytucja, która zmodyfikowała rekord (P)
    • SZCZ M/WM
    • d
    • Instytucja, która zmodyfikowała rekord (P)
    • KR 122/AKs
    • d
    • Instytucja, która zmodyfikowała rekord (P)
    • SIEDL 001/WST
942 -Rodzaj dokumentu [ , ]
    • c
    • Rodzaj dokumentu
    • Książka
100 -Hasło główne - nazwa osobowa [1, ]
    • a
    • Nazwa osobowa (NP)
    • Majewski, Tadeusz
    • d
    • Daty biograficzne (NP)
    • (1931-2018).
    • e
    • Rodzaj współpracy
    • Autor
    • 9
    • KHW
    • 45587
245 -Strefa tytułu i oznaczenia odpowiedzialności [1,0]
    • a
    • Tytuł
    • Niewidomi i słabowidzący seniorzy / Find
    • c
    • Pozostałe elementy strefy tytułu i oznaczenia odpowiedzialności (NP)
    • Tadeusz Majewski ; Polski Związek Niewidomych. Zarząd Główny.
260 -Strefa adresu wydawniczego [ , ]
    • a
    • Miejsce wydania (P)
    • Warszawa :
    • b
    • Nazwa wydawcy (P)
    • Redakcja Wydawnictw Tyflologicznych PZN,
    • c
    • Data wydania (P)
    • 1999.
300 -Strefa opisu fizycznego [ , ]
    • a
    • Określenie formy książki i/lub objętość (NP)
    • 303, [1] strona ;
    • c
    • Format (NP)
    • 24 cm.
336 -Typ zawartości [ , ]
    • a
    • Termin opisujący typ zawartości
    • Tekst
    • b
    • Kod określający zawartość
    • txt
    • 2
    • Źródło (terminu i kodu)
    • rdacontent
337 -Typ mediów [ , ]
    • a
    • Tryb odtwarzania
    • Bez urządzenia pośredniczącego
    • b
    • Kod typu mediów
    • n
    • 2
    • Źródło (terminu i kodu)
    • rdamedia
338 -Typ/rodzaj nośnika [ , ]
    • a
    • Hasło opisujące typ nośnika
    • Wolumin
    • b
    • Kod typu nośnika
    • nc
    • 2
    • Źródło (terminu i kodu)
    • rdacarrier
380 -Deskryptor - Forma dzieła (P) [ , ]
    • a
    • forma dzieła (NP)
    • Książki
490 -Strefa serii i książki wielotomowej - forma nie do wyszukiwania [1, ]
    • a
    • Tytuł (P)
    • Zeszyty Tyflologiczne, Find
    • x
    • ISSN (NP)
    • 0860-0945 ;
    • v
    • Numeracja (P)
    • 17
830 -Hasło dodatkowe serii i opisu książki wielotomowej - tytuł ujednolicony/tytuł [ ,0]
    • a
    • Tytuł ujednolicony/tytuł (NP)
    • Zeszyty Tyflologiczne
    • x
    • ISSN
    • 0860-0945
    • v
    • Oznaczenie tomu (NP)
    • 17
    • 9
    • KHW
    • 714501
504 -Uwaga dot. bibliogr. załącznikowej [ , ]
    • a
    • Uwaga dot. bibliografii załącznikowej
    • Bibliografia na stronach 298-[304].
080 -Uniwersalna Klasyfikacja Dziesiętna [ , ]
    • a
    • Symbol klasyfikacji
    • 364.65-056.262-053.9
080 -Uniwersalna Klasyfikacja Dziesiętna [ , ]
    • a
    • Symbol klasyfikacji
    • :612.67-056.262-053.9
650 -Hasło przedmiotowe [ ,7]
    • a
    • Hasło przedmiotowe
    • Osoby niedowidzące
    • 2
    • Źródło terminu
    • DBN
    • 9
    • KHW
    • 726829
650 -Hasło przedmiotowe [ ,7]
    • a
    • Hasło przedmiotowe
    • Osoby w wieku starszym
    • 2
    • Źródło terminu
    • DBN
    • 9
    • KHW
    • 721536
650 -Hasło przedmiotowe [ ,7]
    • a
    • Hasło przedmiotowe
    • Pismo dla niewidomych
    • 2
    • Źródło terminu
    • DBN
    • 9
    • KHW
    • 746292
650 -Hasło przedmiotowe [ ,7]
    • a
    • Hasło przedmiotowe
    • Seniorzy.
    • 2
    • Źródło terminu
    • kaba
    • 9
    • KHW
    • 117789
650 -Hasło przedmiotowe [ ,7]
    • a
    • Hasło przedmiotowe
    • Niewidomi.
    • 2
    • Źródło terminu
    • kaba
    • 9
    • KHW
    • 121431
650 -Hasło przedmiotowe [ ,7]
    • a
    • Hasło przedmiotowe
    • Osoby z niepełnosprawnością wzroku.
    • 2
    • Źródło terminu
    • kaba
    • 9
    • KHW
    • 121393
655 -Hasło w funkcji tematu formalnego [ ,7]
    • a
    • Hasło
    • Opracowanie
    • 2
    • Źródło terminu
    • DBN
    • 9
    • KHW
    • 721206
658 -Ujęcie treści [ , ]
    • a
    • dziedzina nauki i sztuki/ sfera aktywności życiowej
    • Medycyna i zdrowie
658 -Ujęcie treści [ , ]
    • a
    • dziedzina nauki i sztuki/ sfera aktywności życiowej
    • Psychologia
980 -Symbol UKD [ , ]
    • a
    • UKD
    • 364.65:612.67]-056.262-053.9
710 -Hasło dodatkowe - nazwa ciała zbiorowego [2, ]
    • a
    • Nazwa ciała zbiorowego lub nazwa geograficzna jako pierwszy element (NP)
    • Polski Związek Niewidomych.
    • b
    • Nazwa jednostki podrzędnej (P)
    • Zarząd Główny.
    • e
    • Rodzaj współpracy
    • Instytucja sprawcza
    • 9
    • KHW
    • 721541
Lokalizacja Data inwentaryzacji Status udost. Numer inwentarzowy
BG2001-09-211Pd.14213